000 00327nam a2200133Ia 4500
008 231129s1996||||xx |||||||||||||| ||spa||
040 _bspa
082 _aCh862.44 P258a
100 _aParra Marco Antonio de la
245 0 _aEl angel de la culpa y otros textos
260 _c1996
264 _aColcultura
942 _2ddc
_cBKS
999 _c10194
_d10194